Vývoj fixných a variabilných nákladov energetickej spoločnosti

Vývoj fixných a variabilných nákladov v energetickej spoločnosti prostredníctvom analýzy trendu vývoja nákladov. Opatrenia na zníženie nákladov v konkrétnych podmienkach. Pravidlá nákupu palív a energetických komodít - znižovanie variabilných nákladov.

Gespeichert in:
Bibliographische Detailangaben
1. Verfasser: Čulková, Katarína
Weitere Verfasser: Weiss, Erik, 1979-
Format: Buchkapitel
Sprache:Slowakisch
Schlagworte:
Tags: Tag hinzufügen
Keine Tags, Fügen Sie das erste Tag hinzu!

MARC

LEADER 00000naa$a2200000$$$4500
001 0270609
005 20240502074236.6
041 0 |a slo 
044 |a SK 
245 1 0 |a Vývoj fixných a variabilných nákladov energetickej spoločnosti  |c Katarína Čulková, Erik Weiss 
520 |a Vývoj fixných a variabilných nákladov v energetickej spoločnosti prostredníctvom analýzy trendu vývoja nákladov. Opatrenia na zníženie nákladov v konkrétnych podmienkach. Pravidlá nákupu palív a energetických komodít - znižovanie variabilných nákladov. 
610 2 0 |a náklady fixné 
610 2 0 |a náklady variabilné 
610 2 0 |a energetika 
610 2 0 |a opatrenia podniku úsporné 
610 2 0 |a využitie energie 
100 1 |a Čulková, Katarína 
700 1 |a Weiss, Erik, 1979-